| 000 | 00956nas a2200313 4500 | ||
|---|---|---|---|
| 001 | BR2014003793 | ||
| 003 | BR-BrBNA | ||
| 005 | 20231205124156.0 | ||
| 007 | ta | ||
| 008 | 230509b bl.|||p| |||| 00| 00por d | ||
| 040 |
_aBR-BrBNA _bpor _cBiblioteca Nacional de Agricultura |
||
| 041 | _a(En) | ||
| 072 | _aL02 | ||
| 100 | 1 | _aTorres, T.R. | |
| 100 | 1 | _aLudke, M. do C.M.M. | |
| 100 | 1 | _aLudke, J.V. | |
| 100 | 1 | _aSantos, M.J.B. dos | |
| 110 | 1 | _aLima, M.R. | |
| 110 | 1 | _aSantos, P.A. dos | |
| 245 | 1 | _aPerformance of broilers fed during 21 days on mash or pellet diets containing whole or ground pearl millet grain | |
| 650 | _aFRANGO DE CORTE | ||
| 650 | _aPAINÇO | ||
| 650 | _aRAÇÃO | ||
| 650 | _aDIETA | ||
| 650 | _aPERFORMANCE | ||
| 773 | 0 |
_tBrazilian Journal of Poultry Science (Brazil) _xISSN 1516-635X _g(Oct-Dec 2013), v. 15(4) p. 371-378 _wBR2014003793 |
|
| 909 |
_a202311 _bLúcia _c55 _dLúcia Elande |
||
| 942 |
_2AGRIS _n0 _cANA |
||
| 999 |
_c237690 _d237690 |
||